Oil, Arms and Islam in the Gulf (Record no. 6441)

MARC details
000 -LEADER
fixed length control field 00671nam a2200253 a 4500
020 ## - INTERNATIONAL STANDARD BOOK NUMBER
ISBN 817044036X
082 00 - DEWEY DECIMAL CLASSIFICATION NUMBER
Classification number 320.956
Author Cutter ASO
100 ## - MAIN ENTRY--AUTHOR NAME
Author name Asopa, Sheel K
245 ## - TITLE STATEMENT
Title Oil, Arms and Islam in the Gulf
260 ## - PUBLICATION, DISTRIBUTION, ETC. (IMPRINT)
Place of publication Jaipur
Name of publisher Printwell Publishers
Year of publication 1986
300 ## - PHYSICAL DESCRIPTION
Number of Pages 182p
500 ## - GENERAL NOTE
General note includes index and biblioraphy
505 2# - FORMATTED CONTENTS NOTE
Formatted contents note Appendices, Bibliography, Index
650 ## - SUBJECT ADDED ENTRY--TOPICAL TERM
Topical Term Middle East-Politics and Government
650 ## - SUBJECT ADDED ENTRY--TOPICAL TERM
Topical Term New World Order
942 ## - ADDED ENTRY ELEMENTS (KOHA)
Koha item type Books
700 1# -
-- Asopa, Sheel K
Holdings
Collection code Home library Current library Date acquired Cost, normal purchase price Full call number Accession Number Koha item type
  Henry Martyn Institute Library Henry Martyn Institute Library 02/19/2008 150.00 320.956 ASO 012605 Books
                   Copyright © 2026 | Henry Martyn Institute | Hyderabad | TS-500052 | INDIA | Implemented by hmi.edu.in
Hit-Count:

Powered by Koha